Top 20 Premier League Goal Scorers - Statistics

General Stats
  • This quiz has been taken 59 times
  • The average score is 15 of 20
Answer Stats
Hint Goals Answer % Correct
Newcastle 260 Alan Shearer
100%
Tottenham Hostspur 213 Harry Kane
100%
Chelsea 177 Frank Lampard
96%
Liverpool 185 Mohamed Salah
96%
Manchester United 208 Wayne Rooney
96%
Manchester City 184 Sergio Aguero
94%
Arsenal 175 Thierry Henry
94%
Leicester City 143 Jamie Vardy
91%
Tottenham Hotspur 127 Son Heung Min
85%
Liverpool 150 Michael Owen
80%
Manchester United 187 Andrew Cole
70%
Arsenal 144 Robin Van Persie
69%
Liverpool 163 Robbie Fowler
65%
Tottenham Hotspur 162 Jermain Defoe
63%
Chelsea 125 Nicolas Anelka
56%
Manchester City / Aston Villa 123 Raheem Sterling / Dwight Yorke
56%
Tottenham Hotspur 126 Robbie Keane
54%
Tottenham Hotspur 146 Teddy Sheringham
54%
Chelsea 127 Jimmy Floyd Hasselbaink
43%
Queens Park Rangers 149 Les Ferdinand
39%
No matching quizzes found
Score Distribution
Percent of People with Each Score
Percentile by Number Answered
Your Score History
You have not taken this quiz